<?xml version="1.0" encoding="UTF-8"?>
<record
    xmlns:xsi="http://www.w3.org/2001/XMLSchema-instance"
    xsi:schemaLocation="http://www.loc.gov/MARC21/slim http://www.loc.gov/standards/marcxml/schema/MARC21slim.xsd"
    xmlns="http://www.loc.gov/MARC21/slim">

  <leader>01081nam a2200325 i 4500</leader>
  <controlfield tag="001">245336</controlfield>
  <controlfield tag="003">OSt</controlfield>
  <controlfield tag="005">20180921</controlfield>
  <controlfield tag="008">0000002001                          dr     0000000000spa00</controlfield>
  <datafield tag="100" ind1=" " ind2=" ">
    <subfield code="a">Fraquer Contreras, Vivian F&#xE1;tima</subfield>
  </datafield>
  <datafield tag="245" ind1=" " ind2=" ">
    <subfield code="a">Calidad de las prescripciones m&#xE9;dicas intrahospitalaria en el Departamento de Ginecolog&#xED;a y Osbtetricia en el Hospital Jaime Oliver Pino per&#xED;odo enero-abril 2000</subfield>
    <subfield code="c">Vivian F&#xE1;tima del Carmen Fraquer Contreras, Lidia Miguelina Rodr&#xED;guez, Ana Josefa Castillo Cardy; asesores Dinorah Mej&#xED;a, Rodr&#xED;guez Abreu</subfield>
  </datafield>
  <datafield tag="260" ind1=" " ind2=" ">
    <subfield code="a">Rep&#xFA;blica Dominicana :</subfield>
    <subfield code="b">Universidad Central del Este</subfield>
  </datafield>
  <datafield tag="300" ind1=" " ind2=" ">
    <subfield code="a">1v. (en varias paginaciones)</subfield>
  </datafield>
  <datafield tag="502" ind1=" " ind2=" ">
    <subfield code="a">Tesis (Licenciado en Farmacia)-- Universidad Central del Este, 2001</subfield>
  </datafield>
  <datafield tag="504" ind1=" " ind2=" ">
    <subfield code="a">Incluye bibliograf&#xED;a, &#xED;ndice y anexos</subfield>
  </datafield>
  <datafield tag="650" ind1=" " ind2=" ">
    <subfield code="a">Farmacolog&#xED;a</subfield>
    <subfield code="a">Medicamentos</subfield>
    <subfield code="a">Prescripciones m&#xE9;dica</subfield>
    <subfield code="a">TC 6206</subfield>
    <subfield code="a">Tesis y disertaciones acd&#xE9;micas</subfield>
  </datafield>
  <datafield tag="700" ind1=" " ind2=" ">
    <subfield code="a">Castillo Cardy, Ana Josefa</subfield>
    <subfield code="a">Mej&#xED;a, Dinorah, ases</subfield>
    <subfield code="a">Rodr&#xED;guez Abreu, Jos&#xE9;, ases</subfield>
    <subfield code="a">Rodr&#xED;guez, Lidia Miguelina</subfield>
  </datafield>
  <datafield tag="040" ind1=" " ind2=" ">
    <subfield code="a">DLC</subfield>
    <subfield code="c">DLC</subfield>
  </datafield>
  <datafield tag="942" ind1=" " ind2=" ">
    <subfield code="2">ddc</subfield>
    <subfield code="c">TH</subfield>
  </datafield>
  <datafield tag="999" ind1=" " ind2=" ">
    <subfield code="c">245336</subfield>
    <subfield code="d">24533600</subfield>
  </datafield>
  <datafield tag="952" ind1=" " ind2=" ">
    <subfield code="0">0</subfield>
    <subfield code="1">0</subfield>
    <subfield code="2">ddc</subfield>
    <subfield code="4">0</subfield>
    <subfield code="7">0</subfield>
    <subfield code="a">1</subfield>
    <subfield code="b">1</subfield>
    <subfield code="d">2018-08-17</subfield>
    <subfield code="o">T 615.14 F585c 2001</subfield>
    <subfield code="y">TH</subfield>
  </datafield>
  <datafield tag="952" ind1=" " ind2=" ">
    <subfield code="0">0</subfield>
    <subfield code="1">0</subfield>
    <subfield code="2">ddc</subfield>
    <subfield code="4">0</subfield>
    <subfield code="7">0</subfield>
    <subfield code="a">1</subfield>
    <subfield code="b">1</subfield>
    <subfield code="d">2018-08-17</subfield>
    <subfield code="o">T 615.14 F585c 2001</subfield>
    <subfield code="y">TH</subfield>
  </datafield>
</record>
